| 000 | 00851cab a2200253 4500 | ||
|---|---|---|---|
| 001 | ABS56596 | ||
| 008 | 090401t1997 xxu||||| |||| 00| 0 eng d | ||
| 035 | _a(Sirsi) u24758 | ||
| 041 | _aeng | ||
| 100 | _aFreeman, P. | ||
| 245 | _aFrom adversaries to partners | ||
| 260 | _c1997 | ||
| 350 | _a0 | ||
| 490 |
_aEstates Gazette _v(9706) 8 February 1997, 145-147(3) |
||
| 520 | _aClaims that the landlord and tenant relationship is at an all-time low. Suggests lease options that would suit both parties and advocates a greater commitment to working together as a partnership to solve the problem. | ||
| 650 | _aDEVELOPERS | ||
| 650 |
_aLANDLORD AND TENANT _96252 |
||
| 650 | _aLEASES | ||
| 650 | _aOCCUPIERS REQUIREMENTS | ||
| 650 | _aOCCUPIERS | ||
| 690 | _aLANDLORD AND TENANT-BUSINESS TENANCIES | ||
| 942 | _n0 | ||
| 948 | _c04/03/1997 | ||
| 999 |
_c16611 _d16611 |
||